Ajna - Carrière - Statistiques

Statistiques générales
  • Ce quiz a été pris 4 fois
  • Le résultat moyen est 15 sur 52
Statistiques - réponses
Hint Réponse % Correct
1 AJCENSION
100%
9 20
75%
1 Barbie
75%
2025 Bossa
75%
2 Formol
75%
6 GIMMICKS
75%
1 Medic'
75%
11 novotel
75%
3 b&b
50%
5 bonzaï
50%
10 inside feelings
50%
1 morisson hotel
50%
3 PAIN
50%
6 PARAFFINE
50%
2 Sobased
50%
10 SunrizZ
50%
12 (Z)
50%
4 ANÉMONE
25%
2 BILLIE
25%
7 CCTV
25%
2 emply
25%
2023 FLEUR (feat. Dexa.)
25%
7 hellomoto
25%
2 MAGIE À PARIS (feat. NeS)
25%
2024 Moi (feat. Ucyll)
25%
11 Mots Bleus
25%
1 NIN9.AM
25%
4 PÊCHE/APPÂTS
25%
4 PROMESSES
25%
5 QuelleH
25%
6 snep
25%
2024 WAIT FMT (feat. 16bener & NoSnow)
25%
2 XfAN
25%
3 Bucii
0%
2024 CLUTCH [Booska-P]
0%
2024 DE BELLEVILLE À TBILISSI (feat. Deemax & NeS)
0%
2024 DSi (feat. COEURCO)
0%
2023 GO HARD! (feat. Gemen & Tenma)
0%
2023 LYMPH (feat. KCHAN)
0%
2025 MADERE (feat. Lyre)
0%
6 Melrose Avenue
0%
1 MUD
0%
5 OLYMPIEN
0%
7 OUTRO YuU
0%
4 panL
0%
4 Papier d'Arménie
0%
3 Pousse d'herbe
0%
8 RpGG
0%
9 serial
0%
8 spleen
0%
5 UN TEL
0%
3 WHERE U AT
0%
Aucun quiz correspondant
Distribution des résultats
% des personnes avec chaque résultat
Percentile par nombre de réponses
Votre historique - résultats
Vous n’avez pas pris ce quiz